ბათუმის შოთა რუსთაველის სახელმწიფო უნივერსიტეტის ბიბლიოთეკა

სოციალური სტატისტიკა (ბიბ.ჩანაწერი № 49181)

000 -LEADER
fixed length control field 01456nam a2200265Ia 4500
001 - CONTROL NUMBER
control field 16092
003 - CONTROL NUMBER IDENTIFIER
control field GE_BSU
008 - FIXED-LENGTH DATA ELEMENTS--GENERAL INFORMATION
fixed length control field 181216s||||||||xx |||||||||||||| ||und||
020 ## - INTERNATIONAL STANDARD BOOK NUMBER
International Standard Book Number 978-9941-0-4804-3
040 ## - CATALOGING SOURCE
Transcribing agency GE_BSU
080 ## - UNIVERSAL DECIMAL CLASSIFICATION NUMBER
Universal Decimal Classification number 31:316
100 ## - MAIN ENTRY--PERSONAL NAME
Personal name ნაჩმიასი, ჩავა ფრანკფორტ. ლეონ-გერერო,ანა
245 ## - TITLE STATEMENT
Title სოციალური სტატისტიკა
245 ## - TITLE STATEMENT
Remainder of title მრავალფეროვანი საზოგადოებისათვის
245 ## - TITLE STATEMENT
Statement of responsibility, etc. მთარგმნ.: მარინე მინდორაშვილი, გიორგი კ. ყუფარაძე ; რედ. ქეთევან მარშავა, სამეცნ. რედ. სიმონ გელაშვილი
260 ## - PUBLICATION, DISTRIBUTION, ETC.
Place of publication, distribution, etc. თბილისი
260 ## - PUBLICATION, DISTRIBUTION, ETC.
Name of publisher, distributor, etc. თბილ. უნ-ტის გამ-ბა
260 ## - PUBLICATION, DISTRIBUTION, ETC.
Date of publication, distribution, etc. 2012
300 ## - PHYSICAL DESCRIPTION
Extent 634 გვ. ; 23 სმ.
520 ## - SUMMARY, ETC.
Summary, etc. დაფინანსებულია საქართველოში აშშ-ის საელჩოს წიგნების თარგმნის პროგრამის ფარგლებში.
653 ## - INDEX TERM--UNCONTROLLED
Uncontrolled term მრავალფეროვანი საზოგადოებისათვის
653 ## - INDEX TERM--UNCONTROLLED
Uncontrolled term სოციალური სტატისტიკა
942 ## - ADDED ENTRY ELEMENTS (KOHA)
Koha item type წიგნი
ეგზემპლარები
Withdrawn status Lost status Damaged status Not for loan Date acquired Barcode Date last seen Price effective from Koha item type Public note
        2018-12-17 40114 2018-12-17 2018-12-17 წიგნი  
        2018-12-17 40115 2018-12-17 2018-12-17 წიგნი  
        2018-12-17 40116 2018-12-17 2018-12-17 წიგნი  
        2018-12-17 40117 2018-12-17 2018-12-17 წიგნი  
        2018-12-17 40118 2018-12-17 2018-12-17 წიგნი  
        2018-12-17 47632 2018-12-17 2018-12-17 წიგნი 24ლ.30თ.
        2018-12-17 47633 2018-12-17 2018-12-17 წიგნი 24ლ.30თ.
        2018-12-17 47634 2018-12-17 2018-12-17 წიგნი 24ლ.30თ.
        2018-12-17 47635 2018-12-17 2018-12-17 წიგნი 24ლ.30თ.
        2018-12-17 47636 2018-12-17 2018-12-17 წიგნი 24ლ.30თ.
        2018-12-17 47637 2018-12-17 2018-12-17 წიგნი 24ლ.30თ.
        2018-12-17 47638 2018-12-17 2018-12-17 წიგნი 24ლ.30თ.
        2018-12-17 47639 2018-12-17 2018-12-17 წიგნი 24ლ.30თ.
        2018-12-17 47640 2018-12-17 2018-12-17 წიგნი 24ლ.30თ.
        2018-12-17 47641 2018-12-17 2018-12-17 წიგნი 24ლ.30თ.